Every Bird Genus - Statistics

General Stats
  • This quiz has been taken 67 times
  • The average score is 114 of 2374
Answer Stats
Genus % Correct
Anser
80%
Bubo
80%
Columba
80%
Corvus
80%
Falco
80%
Grus
80%
Larus
80%
Passer
80%
Pavo
80%
Strix
80%
Troglodytes
80%
Accipiter
60%
Anas
60%
Aquila
60%
Asio
60%
Athene
60%
Branta
60%
Buteo
60%
Cygnus
60%
Fringilla
60%
Gallus
60%
Haliaeetus
60%
Hirundo
60%
Lagopus
60%
Mergus
60%
Parus
60%
Pica
60%
Poecile
60%
Spinus
60%
Sterna
60%
Struthio
60%
Turdus
60%
Afropavo
40%
Aix
40%
Alopochen
40%
Amazona
40%
Anhinga
40%
Antigone
40%
Apteryx
40%
Apus
40%
Ara
40%
Aramus
40%
Aratinga
40%
Ardea
40%
Ardeotis
40%
Astur
40%
Aythya
40%
Balaeniceps
40%
Bucco
40%
Buceros
40%
Bucorvus
40%
Cacatua
40%
Calidris
40%
Caprimulgus
40%
Cardinalis
40%
Casuarius
40%
Cathartes
40%
Chroicocephalus
40%
Ciconia
40%
Circus
40%
Colaptes
40%
Colinus
40%
Coragyps
40%
Cuculus
40%
Cyanocitta
40%
Dromaius
40%
Dryobates
40%
Dryocopus
40%
Ducula
40%
Egretta
40%
Fulica
40%
Gallinula
40%
Gallirallus
40%
Goura
40%
Gymnogyps
40%
Gyps
40%
Icterus
40%
Lanius
40%
Leiothrix
40%
Leptoptilos
40%
Limosa
40%
Mareca
40%
Megascops
40%
Melanitta
40%
Meleagris
40%
Mergellus
40%
Milvus
40%
Mimus
40%
Molothrus
40%
Motacilla
40%
Mycteria
40%
Netta
40%
Oceanites
40%
Oena
40%
Pandion
40%
Passerina
40%
Pelecanus
40%
Phaethon
40%
Phalacrocorax
40%
Phoenicopterus
40%
Phylloscopus
40%
Platalea
40%
Podargus
40%
Podiceps
40%
Porzana
40%
Pyrrhula
40%
Quiscalus
40%
Rallus
40%
Ramphastos
40%
Rhea
40%
Sagittarius
40%
Sarcoramphus
40%
Scopus
40%
Sialia
40%
Sitta
40%
Spatula
40%
Sturnus
40%
Sylvia
40%
Tangara
40%
Thraupis
40%
Tringa
40%
Trogon
40%
Tyto
40%
Vireo
40%
Vultur
40%
Zenaida
40%
Zonotrichia
40%
Acridotheres
20%
Acryllium
20%
Actitis
20%
Aegolius
20%
Aegotheles
20%
Agamia
20%
Agapornis
20%
Agelaius
20%
Alauda
20%
Alca
20%
Alcedo
20%
Alle
20%
Amazonetta
20%
Anarhynchus
20%
Andigena
20%
Anhima
20%
Anodorhynchus
20%
Anseranas
20%
Anthropoides
20%
Anthus
20%
Antrostomus
20%
Aptenodytes
20%
Archilochus
20%
Baeolophus
20%
Balearica
20%
Bombycilla
20%
Bonasa
20%
Botaurus
20%
Bugeranus
20%
Bulweria
20%
Buphagus
20%
Butorides
20%
Cairina
20%
Callipepla
20%
Calypte
20%
Campephilus
20%
Capito
20%
Carduelis
20%
Cariama
20%
Catharus
20%
Catherpes
20%
Centrocercus
20%
Certhia
20%
Ceryle
20%
Chaetura
20%
Chalcophaps
20%
Chamaepetes
20%
Charadrius
20%
Chauna
20%
Chionis
20%
Chlidonias
20%
Chloris
20%
Chondrohierax
20%
Cinclodes
20%
Cinclus
20%
Circaetus
20%
Cisticola
20%
Cistothorus
20%
Coccyzus
20%
Cochlearius
20%
Colibri
20%
Colius
20%
Contopus
20%
Coracias
20%
Corythaeola
20%
Cotinga
20%
Coturnix
20%
Coua
20%
Crax
20%
Crex
20%
Crinifer
20%
Crotophaga
20%
Crypturellus
20%
Cyanocorax
20%
Dacnis
20%
Daptrius
20%
Dendrocygna
20%
Diomedea
20%
Dumetella
20%
Eclectus
20%
Elanus
20%
Emberiza
20%
Empidonax
20%
Eolophus
20%
Ephippiorhynchus
20%
Eremophila
20%
Erithacus
20%
Eudocimus
20%
Eudromia
20%
Eudyptes
20%
Eudyptula
20%
Euphagus
20%
Euphonia
20%
Eurypyga
20%
Foudia
20%
Francolinus
20%
Fratercula
20%
Fregata
20%
Furnarius
20%
Gallicolumba
20%
Gallirex
20%
Garrulax
20%
Gavia
20%
Geococcyx
20%
Glareola
20%
Glaucidium
20%
Grallaria
20%
Guira
20%
Gymnorhinus
20%
Gypaetus
20%
Gypohierax
20%
Haemorhous
20%
Halcyon
20%
Harpia
20%
Heliornis
20%
Helmitheros
20%
Hieraaetus
20%
Hydrobates
20%
Hydrocoloeus
20%
Hydroprogne
20%
Hylocichla
20%
Ibidorhyncha
20%
Ictinia
20%
Indicator
20%
Irena
20%
Jabiru
20%
Jacana
20%
Junco
20%
Lamprotornis
20%
Larosterna
20%
Laterallus
20%
Leptosomus
20%
Leucogeranus
20%
Liocichla
20%
Lophodytes
20%
Lophophanes
20%
Lophura
20%
Lorius
20%
Loxia
20%
Lybius
20%
Malaconotus
20%
Megaceryle
20%
Megadyptes
20%
Melanerpes
20%
Melospiza
20%
Melozone
20%
Menelikornis
20%
Merops
20%
Mesembrinibis
20%
Mesitornis
20%
Momotus
20%
Muscicapa
20%
Myadestes
20%
Nannopterum
20%
Necrosyrtes
20%
Nectarinia
20%
Neophron
20%
Nestor
20%
Nettapus
20%
Ninox
20%
Nomonyx
20%
Nothura
20%
Nucifraga
20%
Numenius
20%
Numida
20%
Nyctanassa
20%
Nyctibius
20%
Nycticorax
20%
Odontophorus
20%
Oriolus
20%
Otidiphaps
20%
Otis
20%
Padda
20%
Pagophila
20%
Parabuteo
20%
Parkesia
20%
Passerella
20%
Patagioenas
20%
Patagona
20%
Pedionomus
20%
Perdix
20%
Periparus
20%
Petrochelidon
20%
Phainopepla
20%
Phaps
20%
Phasianus
20%
Phoeniconaias
20%
Phoenicoparrus
20%
Piaya
20%
Picoides
20%
Picus
20%
Pinicola
20%
Pionus
20%
Pipilo
20%
Pipra
20%
Pitta
20%
Plectropterus
20%
Plegadis
20%
Ploceus
20%
Pluvianellus
20%
Pluvianus
20%
Podica
20%
Podilymbus
20%
Polyplectron
20%
Pooecetes
20%
Porphyrio
20%
Procellaria
20%
Progne
20%
Psittacara
20%
Psittacula
20%
Psittacus
20%
Psophia
20%
Pterocles
20%
Pteroglossus
20%
Ptilinopus
20%
Ptilopsis
20%
Puffinus
20%
Pulsatrix
20%
Pycnonotus
20%
Pygoscelis
20%
Quelea
20%
Regulus
20%
Riparia
20%
Rollulus
20%
Rostrhamus
20%
Salpinctes
20%
Sarcogyps
20%
Sayornis
20%
Scolopax
20%
Seiurus
20%
Selasphorus
20%
Semnornis
20%
Serinus
20%
Setophaga
20%
Sibirionetta
20%
Spheniscus
20%
Sphyrapicus
20%
Spilopelia
20%
Spiza
20%
Spizella
20%
Spizixos
20%
Stelgidopteryx
20%
Stephanoaetus
20%
Stercorarius
20%
Sternula
20%
Strigops
20%
Sula
20%
Surnia
20%
Tachycineta
20%
Tadorna
20%
Tauraco
20%
Tetrao
20%
Thalassarche
20%
Thamnophilus
20%
Threskiornis
20%
Thryothorus
20%
Tinamus
20%
Tockus
20%
Torgos
20%
Toxostoma
20%
Treron
20%
Trichoglossus
20%
Trigonoceps
20%
Trochilus
20%
Turnix
20%
Turtur
20%
Tyrannus
20%
Urile
20%
Urocissa
20%
Urocolius
20%
Vanellus
20%
Vermivora
20%
Vireolanius
20%
Xanthocephalus
20%
Zosterops
20%
Abeillia
0%
Abroscopus
0%
Aburria
0%
Acanthagenys
0%
Acanthidops
0%
Acanthis
0%
Acanthisitta
0%
Acanthiza
0%
Acanthorhynchus
0%
Acanthornis
0%
Aceros
0%
Achaetops
0%
Acritillas
0%
Acrobatornis
0%
Acrocephalus
0%
Acrochordopus
0%
Acropternis
0%
Actenoides
0%
Actinodura
0%
Actophilornis
0%
Adelomyia
0%
Aechmophorus
0%
Aegithalos
0%
Aegithina
0%
Aegypius
0%
Aenigmatolimnas
0%
Aepypodius
0%
Aerodramus
0%
Aeronautes
0%
Aerospiza
0%
Aethia
0%
Aethomyias
0%
Aethopyga
0%
Afrotis
0%
Agelaioides
0%
Agelastes
0%
Agelasticus
0%
Aglaeactis
0%
Aglaiocercus
0%
Agraphospiza
0%
Agricola
0%
Agriornis
0%
Agropsar
0%
Ailuroedus
0%
Aimophila
0%
Akialoa
0%
Akletos
0%
Alaemon
0%
Alaudala
0%
Alcippe
0%
Alcurus
0%
Aleadryas
0%
Alectoris
0%
Alectroenas
0%
Alectrurus
0%
Alectura
0%
Alethe
0%
Alipiopsitta
0%
Alisterus
0%
Allenia
0%
Alophoixus
0%
Alopochelidon
0%
Amadina
0%
Amalocichla
0%
Amandava
0%
Amaurolimnas
0%
Amaurornis
0%
Amaurospiza
0%
Amazilia
0%
Amazilis
0%
Amblycercus
0%
Amblyornis
0%
Amblyospiza
0%
Amblyramphus
0%
Amirafra
0%
Ammodramus
0%
Ammomanes
0%
Ammomanopsis
0%
Ammonastes
0%
Ammoperdix
0%
Ammospiza
0%
Ampeliceps
0%
Ampelioides
0%
Ampelion
0%
Ampelornis
0%
Amphispiza
0%
Amphispizopsis
0%
Amytornis
0%
Anabacerthia
0%
Anabathmis
0%
Anabazenops
0%
Anairetes
0%
Anaplectes
0%
Anastomus
0%
Ancistrops
0%
Androdon
0%
Andropadus
0%
Androphobus
0%
Anisognathus
0%
Anomalospiza
0%
Anopetia
0%
Anorrhinus
0%
Anous
0%
Anthipes
0%
Anthobaphes
0%
Anthocephala
0%
Anthochaera
0%
Anthornis
0%
Anthoscopus
0%
Anthracoceros
0%
Anthracothorax
0%
Anthreptes
0%
Antiurus
0%
Anumara
0%
Anumbius
0%
Anurolimnas
0%
Apalharpactes
0%
Apalis
0%
Apaloderma
0%
Apalopteron
0%
Aphanapteryx
0%
Aphanocrex
0%
Aphanotriccus
0%
Aphelocephala
0%
Aphelocoma
0%
Aphrastura
0%
Aphrodroma
0%
Aplonis
0%
Aplopelia
0%
Aprositornis
0%
Aprosmictus
0%
Arachnothera
0%
Aramides
0%
Aramidopsis
0%
Arborophila
0%
Arcanator
0%
Archboldia
0%
Ardenna
0%
Ardeola
0%
Arenaria
0%
Argusianus
0%
Argya
0%
Arizelocichla
0%
Arizelopsar
0%
Arremon
0%
Arremonops
0%
Arses
0%
Artamella
0%
Artamus
0%
Artemisiospiza
0%
Artisornis
0%
Artomyias
0%
Arundinax
0%
Arundinicola
0%
Asarcornis
0%
Asemospiza
0%
Ashbyia
0%
Aspatha
0%
Asthenes
0%
Astrapia
0%
Atalotriccus
0%
Atelornis
0%
Atimastillas
0%
Atlapetes
0%
Atrichornis
0%
Atronanus
0%
Attagis
0%
Atticora
0%
Attila
0%
Augastes
0%
Aulacorhynchus
0%
Auriparus
0%
Automolus
0%
Aviceda
0%
Avocettula
0%
Baeopogon
0%
Bambusicola
0%
Bangsia
0%
Barnardius
0%
Bartramia
0%
Baryphthengus
0%
Basileuterus
0%
Basilinna
0%
Basilornis
0%
Batara
0%
Bathmocercus
0%
Batis
0%
Batrachostomus
0%
Berenicornis
0%
Berlepschia
0%
Bermuteo
0%
Bernieria
0%
Bias
0%
Biatas
0%
Biziura
0%
Bleda
0%
Blythipicus
0%
Bocagia
0%
Boissonneaua
0%
Bolbopsittacus
0%
Bolborhynchus
0%
Bolemoreus
0%
Bostrychia
0%
Brachycope
0%
Brachygalba
0%
Brachypteracias
0%
Brachypteryx
0%
Brachyramphus
0%
Bradornis
0%
Bradypterus
0%
Brotogeris
0%
Brunhilda
0%
Bubalornis
0%
Bucanetes
0%
Buccanodon
0%
Bucephala
0%
Burhinus
0%
Busarellus
0%
Butastur
0%
Buteogallus
0%
Buthraupis
0%
Bycanistes
0%
Cacicus
0%
Cacomantis
0%
Calamanthus
0%
Calamonastes
0%
Calamonastides
0%
Calamospiza
0%
Calandrella
0%
Calcarius
0%
Calendulauda
0%
Calherodius
0%
Calicalicus
0%
Caliechthrus
0%
Caligavis
0%
Callacanthis
0%
Callaeas
0%
Calliope
0%
Calliphlox
0%
Callocephalon
0%
Callonetta
0%
Calochaetes
0%
Caloenas
0%
Calonectris
0%
Caloperdix
0%
Caloramphus
0%
Calothorax
0%
Calyptocichla
0%
Calyptomena
0%
Calyptophilus
0%
Calyptorhynchus
0%
Calyptura
0%
Camarhynchus
0%
Camaroptera
0%
Campephaga
0%
Campethera
0%
Campicoloides
0%
Campochaera
0%
Campocolinus
0%
Camptorhynchus
0%
Camptostoma
0%
Campylopterus
0%
Campylorhamphus
0%
Campylorhynchus
0%
Canachites
0%
Canirallus
0%
Cantorchilus
0%
Capsiempis
0%
Caracara
0%
Cardellina
0%
Caridonax
0%
Carpococcyx
0%
Carpodacus
0%
Carpodectes
0%
Carpornis
0%
Carpospiza
0%
Carterornis
0%
Caryothraustes
0%
Casiornis
0%
Cassiculus
0%
Castanozoster
0%
Catamblyrhynchus
0%
Catamenia
0%
Catharopeza
0%
Catreus
0%
Catriscus
0%
Ceblepyris
0%
Cecropis
0%
Celebesica
0%
Celeus
0%
Centronyx
0%
Centropus
0%
Cephalopterus
0%
Cephalopyrus
0%
Cepphus
0%
Ceratogymna
0%
Ceratopipra
0%
Cercibis
0%
Cercococcyx
0%
Cercomacra
0%
Cercomacroides
0%
Cercotrichas
0%
Cereopsis
0%
Cerorhinca
0%
Certhiasomus
0%
Certhiaxis
0%
Certhidea
0%
Certhilauda
0%
Certhionyx
0%
Cettia
0%
Ceuthmochares
0%
Ceyx
0%
Chaetocercus
0%
Chaetops
0%
Chaetoptila
0%
Chaetorhynchus
0%
Chalcites
0%
Chalcomitra
0%
Chalcoparia
0%
Chalcopsitta
0%
Chalcostigma
0%
Chalcothraupis
0%
Chalybura
0%
Chamaea
0%
Chamaetylas
0%
Chamaeza
0%
Charitospiza
0%
Charminetta
0%
Charmosyna
0%
Charmosynopsis
0%
Chasiempis
0%
Chelictinia
0%
Chelidoptera
0%
Chelidorhynx
0%
Chenonetta
0%
Chenorhamphus
0%
Cheramoeca
0%
Chersomanes
0%
Chersophilus
0%
Chionomesa
0%
Chiroxiphia
0%
Chlamydera
0%
Chlamydochaera
0%
Chlamydotis
0%
Chloebia
0%
Chloephaga
0%
Chlorestes
0%
Chloridops
0%
Chloroceryle
0%
Chlorochrysa
0%
Chlorocichla
0%
Chlorodrepanis
0%
Chlorophanes
0%
Chlorophoneus
0%
Chlorophonia
0%
Chloropicus
0%
Chloropipo
0%
Chloropsis
0%
Chlorornis
0%
Chlorospingus
0%
Chlorostilbon
0%
Chlorothraupis
0%
Chondestes
0%
Chordeiles
0%
Chrysococcyx
0%
Chrysocolaptes
0%
Chrysocorythus
0%
Chrysolampis
0%
Chrysolophus
0%
Chrysomma
0%
Chrysomus
0%
Chrysophlegma
0%
Chrysothlypis
0%
Chrysuronia
0%
Chunga
0%
Cichladusa
0%
Cichlocolaptes
0%
Cichlopsis
0%
Cicinnurus
0%
Cinclidium
0%
Cinclocerthia
0%
Cincloramphus
0%
Cinclosoma
0%
Cinnycerthia
0%
Cinnyricinclus
0%
Cinnyris
0%
Ciridops
0%
Cissa
0%
Cissomela
0%
Cissopis
0%
Cittura
0%
Cladorhynchus
0%
Clamator
0%
Clanga
0%
Clangula
0%
Claravis
0%
Cleptornis
0%
Clibanornis
0%
Climacteris
0%
Clytoctantes
0%
Clytomyias
0%
Clytorhynchus
0%
Clytospiza
0%
Cnemarchus
0%
Cnemathraupis
0%
Cnemophilus
0%
Cnemoscopus
0%
Cnemotriccus
0%
Cnipodectes
0%
Coccopygia
0%
Coccothraustes
0%
Coccycua
0%
Cochoa
0%
Coeligena
0%
Coenocorypha
0%
Coereba
0%
Collocalia
0%
Colluricincla
0%
Coloeus
0%
Colonia
0%
Colorhamphus
0%
Columbina
0%
Compsothraupis
0%
Conioptilon
0%
Conirostrum
0%
Conopias
0%
Conopophaga
0%
Conopophila
0%
Conothraupis
0%
Conuropsis
0%
Copsychus
0%
Coracina
0%
Coracopsis
0%
Coracornis
0%
Corapipo
0%
Corcorax
0%
Cormobates
0%
Corthylio
0%
Corvinella
0%
Corydon
0%
Corypha
0%
Coryphaspiza
0%
Coryphistera
0%
Coryphospingus
0%
Corythopis
0%
Corythornis
0%
Coscoroba
0%
Cossypha
0%
Cossyphicula
0%
Coturnicops
0%
Cracticus
0%
Cranioleuca
0%
Creagrus
0%
Creatophora
0%
Crecopsis
0%
Creurgops
0%
Criniger
0%
Crithagra
0%
Crossleyia
0%
Crossoptilon
0%
Crypsirina
0%
Cryptillas
0%
Cryptoleucopteryx
0%
Cryptolybia
0%
Cryptomicroeca
0%
Cryptopezus
0%
Cryptophaps
0%
Cryptopipo
0%
Cryptospiza
0%
Cryptosylvicola
0%
Culicicapa
0%
Culicivora
0%
Curaeus
0%
Curruca
0%
Cursorius
0%
Cutia
0%
Cyanerpes
0%
Cyanicterus
0%
Cyanistes
0%
Cyanochen
0%
Cyanocompsa
0%
Cyanoderma
0%
Cyanograucalus
0%
Cyanolanius
0%
Cyanoliseus
0%
Cyanoloxia
0%
Cyanolyca
0%
Cyanomitra
0%
Cyanopica
0%
Cyanopsitta
0%
Cyanoptila
0%
Cyanoramphus
0%
Cyclarhis
0%
Cyclopsitta
0%
Cymbilaimus
0%
Cymbirhynchus
0%
Cynanthus
0%
Cyornis
0%
Cyphorhinus
0%
Cypseloides
0%
Cypsiurus
0%
Cypsnagra
0%
Cyrtonyx
0%
Dacelo
0%
Dactylortyx
0%
Daphoenositta
0%
Daption
0%
Dasycrotapha
0%
Dasylophus
0%
Dasyornis
0%
Deconychura
0%
Delacourella
0%
Deleornis
0%
Delichon
0%
Dendragapus
0%
Dendrexetastes
0%
Dendrocincla
0%
Dendrocitta
0%
Dendrocolaptes
0%
Dendrocopos
0%
Dendrocoptes
0%
Dendroma
0%
Dendronanthus
0%
Dendropicos
0%
Dendroplex
0%
Dendrortyx
0%
Deroptyus
0%
Dessonornis
0%
Devioeca
0%
Diaphorapteryx
0%
Dicaeum
0%
Dichrozona
0%
Dicrurus
0%
Didunculus
0%
Diglossa
0%
Dinemellia
0%
Dinopium
0%
Diopsittaca
0%
Diphyllodes
0%
Discosura
0%
Diuca
0%
Dives
0%
Dolichonyx
0%
Doliornis
0%
Donacobius
0%
Donacospiza
0%
Doricha
0%
Doryfera
0%
Drepanis
0%
Drepanoptila
0%
Drepanorhynchus
0%
Drepanornis
0%
Dreptes
0%
Driophlox
0%
Dromas
0%
Dromococcyx
0%
Drymocichla
0%
Drymodes
0%
Drymophila
0%
Drymornis
0%
Drymotoxeres
0%
Dryolimnas
0%
Dryoscopus
0%
Dubusia
0%
Dulus
0%
Dumetia
0%
Dyaphorophyia
0%
Dysithamnus
0%
Dysmorodrepanis
0%
Ectopistes
0%
Edolisoma
0%
Elachura
0%
Elaenia
0%
Elanoides
0%
Elaphrornis
0%
Electron
0%
Eleoscytalopus
0%
Eleothreptus
0%
Elliotomyia
0%
Elminia
0%
Emarginata
0%
Emberizoides
0%
Embernagra
0%
Emblema
0%
Eminia
0%
Empidonomus
0%
Empidornis
0%
Enicognathus
0%
Enicurus
0%
Enodes
0%
Ensifera
0%
Entomodestes
0%
Entomyzon
0%
Eophona
0%
Eopsaltria
0%
Epimachus
0%
Epinecrophylla
0%
Epthianura
0%
Eremalauda
0%
Eremomela
0%
Eremopterix
0%
Eriocnemis
0%
Erpornis
0%
Erythrocercus
0%
Erythrogenys
0%
Erythrogonys
0%
Erythromachus
0%
Erythropitta
0%
Erythrotriorchis
0%
Erythrura
0%
Esacus
0%
Estrilda
0%
Eubucco
0%
Euchrepomis
0%
Eucometis
0%
Eudromias
0%
Eudynamys
0%
Eugenes
0%
Eugerygone
0%
Eugralla
0%
Eulacestoma
0%
Eulampis
0%
Eulidia
0%
Eulipoa
0%
Eumomota
0%
Eumyias
0%
Euneornis
0%
Eunymphicus
0%
Euodice
0%
Eupetes
0%
Eupetomena
0%
Eupherusa
0%
Euplectes
0%
Eupodotis
0%
Eupsittula
0%
Euptilotis
0%
Eurillas
0%
Eurocephalus
0%
Eurostopodus
0%
Euryceros
0%
Eurylaimus
0%
Euryptila
0%
Eurystomus
0%
Euscarthmus
0%
Euschistospiza
0%
Eutoxeres
0%
Eutrichomyias
0%
Eutriorchis
0%
Falcipennis
0%
Falculea
0%
Falcunculus
0%
Ferminia
0%
Ficedula
0%
Florisuga
0%
Fluvicola
0%
Formicarius
0%
Formicivora
0%
Forpus
0%
Foulehaio
0%
Fraseria
0%
Frederickena
0%
Fregetta
0%
Fregilupus
0%
Fulmarus
0%
Fulvetta
0%
Gactornis
0%
Galbalcyrhynchus
0%
Galbula
0%
Galerida
0%
Gallicrex
0%
Gallinago
0%
Galloperdix
0%
Gampsonyx
0%
Gampsorhynchus
0%
Garritornis
0%
Garrodia
0%
Garrulus
0%
Gavicalis
0%
Gecinulus
0%
Gelochelidon
0%
Geobiastes
0%
Geocerthia
0%
Geocolaptes
0%
Geoffroyus
0%
Geokichla
0%
Geopelia
0%
Geophaps
0%
Geositta
0%
Geospiza
0%
Geospizopsis
0%
Geothlypis
0%
Geotrygon
0%
Geranoaetus
0%
Geranospiza
0%
Geronticus
0%
Gerygone
0%
Glaucestrilda
0%
Glaucis
0%
Gliciphila
0%
Glossoptilus
0%
Glycichaera
0%
Glyphorynchus
0%
Gnorimopsar
0%
Goldmania
0%
Goodfellowia
0%
Gorsachius
0%
Gracula
0%
Gracupica
0%
Grafisia
0%
Grallaricula
0%
Grallina
0%
Graminicola
0%
Grammatoptila
0%
Granatellus
0%
Granatina
0%
Grandala
0%
Grantiella
0%
Graueria
0%
Graydidascalus
0%
Guadalcanaria
0%
Guaruba
0%
Gubernatrix
0%
Gubernetes
0%
Gulosus
0%
Guttera
0%
Guyramemua
0%
Gygis
0%
Gymnasio
0%
Gymnobucco
0%
Gymnocichla
0%
Gymnocrex
0%
Gymnoderus
0%
Gymnomystax
0%
Gymnomyza
0%
Gymnophaps
0%
Gymnopithys
0%
Gymnorhina
0%
Gymnoris
0%
Gypsophila
0%
Habia
0%
Haematoderus
0%
Haematopus
0%
Haematortyx
0%
Hafferia
0%
Haliastur
0%
Halobaena
0%
Hamirostra
0%
Hapalopsittaca
0%
Hapaloptila
0%
Haplophaedia
0%
Haplospiza
0%
Harpactes
0%
Harpagus
0%
Harpyopsis
0%
Hartertula
0%
Hartlaubius
0%
Hedydipna
0%
Heinrichia
0%
Heleia
0%
Heliactin
0%
Heliangelus
0%
Helicolestes
0%
Heliobletus
0%
Heliodoxa
0%
Heliomaster
0%
Heliopais
0%
Heliothraupis
0%
Heliothryx
0%
Hellmayrea
0%
Helopsaltes
0%
Hemicircus
0%
Hemignathus
0%
Hemimacronyx
0%
Hemiphaga
0%
Hemiprocne
0%
Hemipus
0%
Hemitesia
0%
Hemithraupis
0%
Hemitriccus
0%
Hemixos
0%
Henicopernis
0%
Henicophaps
0%
Henicorhina
0%
Herpetotheres
0%
Herpsilochmus
0%
Hesperoburhinus
0%
Heteralocha
0%
Heterocercus
0%
Heteromirafra
0%
Heteromunia
0%
Heteromyias
0%
Heteronetta
0%
Heterophasia
0%
Heteroscenes
0%
Heterospingus
0%
Heterotetrax
0%
Heteroxenicus
0%
Heteroxolmis
0%
Hierococcyx
0%
Himantopus
0%
Himantornis
0%
Himatione
0%
Hippolais
0%
Hirundapus
0%
Hirundinea
0%
Histrionicus
0%
Histurgops
0%
Hoploxypterus
0%
Horizocerus
0%
Horornis
0%
Houbaropsis
0%
Humblotia
0%
Hydrochous
0%
Hydrophasianus
0%
Hydropsalis
0%
Hydrornis
0%
Hylacola
0%
Hylexetastes
0%
Hylia
0%
Hyliota
0%
Hylocharis
0%
Hylocitrea
0%
Hylomanes
0%
Hylonympha
0%
Hylopezus
0%
Hylophilus
0%
Hylophylax
0%
Hylopsar
0%
Hylorchilus
0%
Hymenolaimus
0%
Hymenops
0%
Hypargos
0%
Hypergerus
0%
Hypnelus
0%
Hypocharmosyna
0%
Hypocnemis
0%
Hypocnemoides
0%
Hypocolius
0%
Hypocryptadius
0%
Hypoedaleus
0%
Hypopyrrhus
0%
Hypositta
0%
Hypothymis
0%
Hypsipetes
0%
Ianthocincla
0%
Ibycter
0%
Ichthyaetus
0%
Icteria
0%
Icthyophaga
0%
Ictinaetus
0%
Idiopsar
0%
Iduna
0%
Ifrita
0%
Ilicura
0%
Illadopsis
0%
Incana
0%
Incaspiza
0%
Inezia
0%
Iodopleura
0%
Iole
0%
Irania
0%
Irediparra
0%
Iridophanes
0%
Iridosornis
0%
Isleria
0%
Ispidina
0%
Ithaginis
0%
Ixonotus
0%
Ixoreus
0%
Ixos
0%
Ixothraupis
0%
Jacamaralcyon
0%
Jacamerops
0%
Jubula
0%
Jynx
0%
Kakamega
0%
Kaupifalco
0%
Kempiella
0%
Kenopia
0%
Ketupa
0%
Klais
0%
Kleinothraupis
0%
Knipolegus
0%
Kurochkinegramma
0%
Lacedo
0%
Lafresnaya
0%
Lagonosticta
0%
Lalage
0%
Lampornis
0%
Lamprolaima
0%
Lamprolia
0%
Lampropsar
0%
Lamprospiza
0%
Laniarius
0%
Laniellus
0%
Laniisoma
0%
Lanio
0%
Laniocera
0%
Lanioturdus
0%
Larvivora
0%
Lathamus
0%
Lathrotriccus
0%
Laticilla
0%
Legatus
0%
Leiopicus
0%
Leioptila
0%
Leiothlypis
0%
Leipoa
0%
Leistes
0%
Leonardina
0%
Lepidocolaptes
0%
Lepidopygia
0%
Lepidothrix
0%
Leptasthenura
0%
Leptocoma
0%
Leptodon
0%
Leptopoecile
0%
Leptopogon
0%
Leptopterus
0%
Leptosittaca
0%
Leptotila
0%
Leptotrygon
0%
Lerwa
0%
Lesbia
0%
Lessonia
0%
Leucippus
0%
Leucocarbo
0%
Leucochloris
0%
Leucopeza
0%
Leucophaeus
0%
Leucophantes
0%
Leucopsar
0%
Leucopternis
0%
Leucoptilon
0%
Leucosarcia
0%
Leucosticte
0%
Lewinia
0%
Lichenostomus
0%
Lichmera
0%
Limnoctites
0%
Limnodromus
0%
Limnornis
0%
Limnothlypis
0%
Linaria
0%
Linurgus
0%
Lioparus
0%
Liosceles
0%
Lipaugus
0%
Lissotis
0%
Loboparadisea
0%
Lobotos
0%
Lochmias
0%
Locustella
0%
Loddigesia
0%
Lonchura
0%
Lophaetus
0%
Lophoceros
0%
Lophoictinia
0%
Lopholaimus
0%
Lophonetta
0%
Lophophorus
0%
Lophopsittacus
0%
Lophorina
0%
Lophornis
0%
Lophospingus
0%
Lophospiza
0%
Lophostrix
0%
Lophotibis
0%
Lophotis
0%
Lophotriccus
0%
Lophotriorchis
0%
Loriculus
0%
Loriotus
0%
Loxigilla
0%
Loxioides
0%
Loxipasser
0%
Loxops
0%
Lullula
0%
Lurocalis
0%
Luscinia
0%
Lycocorax
0%
Lymnocryptes
0%
Lyncornis
0%
Lyrurus
0%
Macgregoria
0%
Machaerirhynchus
0%
Machaeropterus
0%
Macheiramphus
0%
Machetornis
0%
Machlolophus
0%
Mackenziaena
0%
Macroagelaius
0%
Macrocephalon
0%
Macronectes
0%
Macronus
0%
Macronyx
0%
Macropsalis
0%
Macropygia
0%
Macrosphenus
0%
Magumma
0%
Malacocincla
0%
Malacopteron
0%
Malacoptila
0%
Malacorhynchus
0%
Malcorus
0%
Malia
0%
Malimbus
0%
Malindangia
0%
Malurus
0%
Manacus
0%
Mandingoa
0%
Manorina
0%
Manucodia
0%
Margarobyas
0%
Margaroperdix
0%
Margarops
0%
Margarornis
0%
Marmaronetta
0%
Mascarinus
0%
Masius
0%
Mayrimunia
0%
Mayrornis
0%
Mazaria
0%
Mearnsia
0%
Mecocerculus
0%
Megabyas
0%
Megacrex
0%
Megalampitta
0%
Megalurus
0%
Megapodius
0%
Megarynchus
0%
Megastictus
0%
Megatriorchis
0%
Megaxenops
0%
Megazosterops
0%
Meiglyptes
0%
Melaenornis
0%
Melampitta
0%
Melamprosops
0%
Melaniparus
0%
Melanocharis
0%
Melanochlora
0%
Melanocichla
0%
Melanocorypha
0%
Melanodera
0%
Melanodryas
0%
Melanopareia
0%
Melanoperdix
0%
Melanoptila
0%
Melanorectes
0%
Melanospiza
0%
Melanotis
0%
Meliarchus
0%
Melichneutes
0%
Melidectes
0%
Melidora
0%
Melierax
0%
Melignomon
0%
Melilestes
0%
Melionyx
0%
Meliphacator
0%
Meliphaga
0%
Melipotes
0%
Melithreptus
0%
Melitograis
0%
Mellisuga
0%
Melloria
0%
Melocichla
0%
Melopsittacus
0%
Melopyrrha
0%
Mentocrex
0%
Menura
0%
Merganetta
0%
Meropogon
0%
Merulaxis
0%
Metabolus
0%
Metallura
0%
Metopidius
0%
Metopothrix
0%
Metriopelia
0%
Micrastur
0%
Micrathene
0%
Microbates
0%
Microcarbo
0%
Microcerculus
0%
Microchera
0%
Microdynamis
0%
Microeca
0%
Microgoura
0%
Microhierax
0%
Microligea
0%
Micromacronus
0%
Micromonacha
0%
Micronisus
0%
Microparra
0%
Micropsitta
0%
Micropternus
0%
Microrhopias
0%
Microspingus
0%
Microspizias
0%
Microstilbon
0%
Microtarsus
0%
Microxenops
0%
Minla
0%
Mino
0%
Mionectes
0%
Mirafra
0%
Mitrephanes
0%
Mitrospingus
0%
Mitu
0%
Mixornis
0%
Mniotilta
0%
Modulatrix
0%
Moho
0%
Mohoua
0%
Monachella
0%
Monarcha
0%
Monasa
0%
Monias
0%
Montecincla
0%
Monticola
0%
Montifringilla
0%
Morococcyx
0%
Morphnarchus
0%
Morphnus
0%
Morus
0%
Moupinia
0%
Mulleripicus
0%
Mundia
0%
Muscigralla
0%
Muscipipra
0%
Muscisaxicola
0%
Mustelirallus
0%
Mycerobas
0%
Myiagra
0%
Myiarchus
0%
Myiobius
0%
Myioborus
0%
Myiodynastes
0%
Myiomela
0%
Myiopagis
0%
Myiophobus
0%
Myiopsitta
0%
Myiornis
0%
Myiotheretes
0%
Myiothlypis
0%
Myiotriccus
0%
Myiozetetes
0%
Myophonus
0%
Myopornis
0%
Myornis
0%
Myrmeciza
0%
Myrmecocichla
0%
Myrmelastes
0%
Myrmia
0%
Myrmoborus
0%
Myrmochanes
0%
Myrmoderus
0%
Myrmophylax
0%
Myrmorchilus
0%
Myrmornis
0%
Myrmothera
0%
Myrmotherula
0%
Myrtis
0%
Mystacornis
0%
Myza
0%
Myzomela
0%
Myzornis
0%
Namibornis
0%
Nannococcyx
0%
Nannopsittaca
0%
Nannopsittacus
0%
Napothera
0%
Nasica
0%
Neafrapus
0%
Necropsar
0%
Necropsittacus
0%
Nemosia
0%
Nengetus
0%
Neochmia
0%
Neocichla
0%
Neocossyphus
0%
Neoctantes
0%
Neodrepanis
0%
Neohierax
0%
Neolalage
0%
Neolestes
0%
Neomixis
0%
Neomorphus
0%
Neopelma
0%
Neophedina
0%
Neophema
0%
Neophilydor
0%
Neopipo
0%
Neopsephotus
0%
Neopsittacus
0%
Neosericornis
0%
Neothraupis
0%
Neotis
0%
Neoxolmis
0%
Nephelomyias
0%
Nephelornis
0%
Nesillas
0%
Nesocharis
0%
Nesoctites
0%
Nesoenas
0%
Nesofregetta
0%
Nesophlox
0%
Nesopsar
0%
Nesoptilotis
0%
Nesospingus
0%
Nesospiza
0%
Nesotriccus
0%
Newtonia
0%
Nicator
0%
Nigrita
0%
Nilaus
0%
Niltava
0%
Nipponia
0%
Nisaetus
0%
Nok
0%
Nonnula
0%
Northiella
0%
Notharchus
0%
Nothocercus
0%
Nothocrax
0%
Nothoprocta
0%
Notiomystis
0%
Notopholia
0%
Nycticryphes
0%
Nyctidromus
0%
Nyctiphrynus
0%
Nyctipolus
0%
Nyctiprogne
0%
Nyctyornis
0%
Nymphicus
0%
Nystalus
0%
Ochetorhynchus
0%
Ochthoeca
0%
Ochthornis
0%
Ocreatus
0%
Ocyceros
0%
Ocyphaps
0%
Odontorchilus
0%
Oedistoma
0%
Oenanthe
0%
Ognorhynchus
0%
Oncostoma
0%
Oneillornis
0%
Onychognathus
0%
Onychoprion
0%
Onychorhynchus
0%
Onychostruthus
0%
Ophrysia
0%
Opisthocomus
0%
Opisthoprora
0%
Oporornis
0%
Orchesticus
0%
Oreocharis
0%
Oreoica
0%
Oreolais
0%
Oreomystis
0%
Oreonympha
0%
Oreophasis
0%
Oreophilais
0%
Oreopholus
0%
Oreopsar
0%
Oreopsittacus
0%
Oreortyx
0%
Oreoscoptes
0%
Oreoscopus
0%
Oreostruthus
0%
Oreothlypis
0%
Oreothraupis
0%
Oreotrochilus
0%
Oressochen
0%
Origma
0%
Oriolia
0%
Oriturus
0%
Ornithion
0%
Ornorectes
0%
Oroanassa
0%
Orochelidon
0%
Ortalis
0%
Orthogonys
0%
Orthonyx
0%
Orthopsittaca
0%
Orthorhyncus
0%
Orthotomus
0%
Ortygornis
0%
Ortygospiza
0%
Ortyxelos
0%
Otus
0%
Oxylabes
0%
Oxypogon
0%
Oxyruncus
0%
Oxyura
0%
Pachycare
0%
Pachycephala
0%
Pachycephalopsis
0%
Pachycoccyx
0%
Pachyglossa
0%
Pachyphantes
0%
Pachyptila
0%
Pachyramphus
0%
Pachysylvia
0%
Pagodroma
0%
Palmeria
0%
Paludipasser
0%
Pampa
0%
Pampusana
0%
Panterpe
0%
Panurus
0%
Panyptila
0%
Papasula
0%
Paraclaravis
0%
Paradigalla
0%
Paradisaea
0%
Paradisornis
0%
Paradoxornis
0%
Paragallinula
0%
Paramythia
0%
Parayuhina
0%
Pardalotus
0%
Pardipicus
0%
Pardirallus
0%
Parkerthraustes
0%
Parmoptila
0%
Paroaria
0%
Paroreomyza
0%
Parotia
0%
Passerculus
0%
Pastor
0%
Pauxi
0%
Pelagodroma
0%
Pelargopsis
0%
Pelecanoides
0%
Peliperdix
0%
Pellorneum
0%
Peltohyas
0%
Peltops
0%
Penelope
0%
Penelopides
0%
Penelopina
0%
Percnostola
0%
Perdicula
0%
Pericrocotus
0%
Periporphyrus
0%
Perisoreus
0%
Perissocephalus
0%
Pernis
0%
Petroica
0%
Petronia
0%
Petrophassa
0%
Peucaea
0%
Peucedramus
0%
Pezopetes
0%
Pezophaps
0%
Pezoporus
0%
Phacellodomus
0%
Phaenicophaeus
0%
Phaenicophilus
0%
Phaenostictus
0%
Phaeochroa
0%
Phaeoptila
0%
Phaethornis
0%
Phaetusa
0%
Phainoptila
0%
Phalaenoptilus
0%
Phalaropus
0%
Phapitreron
0%
Pharomachrus
0%
Phedina
0%
Phedinopsis
0%
Phegornis
0%
Phelpsia
0%
Pheucticus
0%
Pheugopedius
0%
Phibalura
0%
Philemon
0%
Philentoma
0%
Philepitta
0%
Philesturnus
0%
Philetairus
0%
Philodice
0%
Philohydor
0%
Philortyx
0%
Philydor
0%
Phimosus
0%
Phlegopsis
0%
Phleocryptes
0%
Phlogophilus
0%
Phodilus
0%
Phoebastria
0%
Phoebetria
0%
Phoenicircus
0%
Phoeniculus
0%
Phoenicurus
0%
Pholia
0%
Pholidornis
0%
Phonipara
0%
Phonygammus
0%
Phragmacia
0%
Phrygilus
0%
Phylidonyris
0%
Phyllaemulor
0%
Phyllastrephus
0%
Phyllergates
0%
Phyllolais
0%
Phyllomyias
0%
Phylloscartes
0%
Phytotoma
0%
Picathartes
0%
Piculus
0%
Picumnus
0%
Piezorina
0%
Pilherodius
0%
Pinarochroa
0%
Pinarocorys
0%
Pinaroloxias
0%
Pinarornis
0%
Pinguinus
0%
Pionites
0%
Pionopsitta
0%
Pipile
0%
Pipraeidea
0%
Pipreola
0%
Piprites
0%
Piranga
0%
Pitangus
0%
Pithecophaga
0%
Pithys
0%
Pitohui
0%
Pittasoma
0%
Pityriasis
0%
Platycercus
0%
Platylophus
0%
Platyrinchus
0%
Platysmurus
0%
Platyspiza
0%
Platysteira
0%
Plectorhyncha
0%
Plectrophenax
0%
Plesiodryas
0%
Plocealauda
0%
Plocepasser
0%
Pluvialis
0%
Pnoepyga
0%
Podoces
0%
Poecilodryas
0%
Poecilostreptus
0%
Poecilotriccus
0%
Poeoptera
0%
Poephila
0%
Pogoniulus
0%
Pogonocichla
0%
Pogonornis
0%
Pogonotriccus
0%
Poicephalus
0%
Poikilocarbo
0%
Polemaetus
0%
Polihierax
0%
Poliocephalus
0%
Poliocrania
0%
Poliolais
0%
Poliolimnas
0%
Polioptila
0%
Polyboroides
0%
Polyerata
0%
Polyonymus
0%
Polysticta
0%
Polystictus
0%
Polytelis
0%
Polytmus
0%
Pomarea
0%
Pomatorhinus
0%
Pomatostomus
0%
Poodytes
0%
Poospiza
0%
Poospizopsis
0%
Porphyriops
0%
Porphyrolaema
0%
Premnoplex
0%
Premnornis
0%
Primolius
0%
Prinia
0%
Prioniturus
0%
Prionochilus
0%
Prionodura
0%
Prionops
0%
Priotelus
0%
Probosciger
0%
Procarduelis
0%
Procnias
0%
Prodotiscus
0%
Promerops
0%
Prosobonia
0%
Prosopeia
0%
Prosthemadera
0%
Protonotaria
0%
Prunella
0%
Psalidoprocne
0%
Psaltriparus
0%
Psarisomus
0%
Psarocolius
0%
Psephotellus
0%
Psephotus
0%
Pseudasthenes
0%
Pseudastur
0%
Pseudelaenia
0%
Pseudhirundo
0%
Pseudibis
0%
Pseudobias
0%
Pseudobulweria
0%
Pseudocalyptomena
0%
Pseudochelidon
0%
Pseudocolaptes
0%
Pseudocolopteryx
0%
Pseudoleistes
0%
Pseudonestor
0%
Pseudonigrita
0%
Pseudopipra
0%
Pseudopodoces
0%
Pseudorectes
0%
Pseudosaltator
0%
Pseudoseisura
0%
Pseudospingus
0%
Pseudotriccus
0%
Psilopogon
0%
Psilopsiagon
0%
Psilorhamphus
0%
Psiloscops
0%
Psittacella
0%
Psitteuteles
0%
Psittinus
0%
Psittirostra
0%
Psittrichas
0%
Psophodes
0%
Pteridophora
0%
Pternistis
0%
Pterodroma
0%
Pteronetta
0%
Pterophanes
0%
Pteroptochos
0%
Pterorhinus
0%
Pteruthius
0%
Ptiliogonys
0%
Ptilocichla
0%
Ptilonorhynchus
0%
Ptilopachus
0%
Ptiloprora
0%
Ptiloris
0%
Ptilorrhoa
0%
Ptilostomus
0%
Ptilotula
0%
Ptiloxena
0%
Ptychoramphus
0%
Ptyonoprogne
0%
Pucrasia
0%
Purnella
0%
Purpureicephalus
0%
Pycnoptilus
0%
Pycnopygius
0%
Pygarrhichas
0%
Pygiptila
0%
Pygochelidon
0%
Pyrenestes
0%
Pyrgilauda
0%
Pyriglena
0%
Pyrilia
0%
Pyrocephalus
0%
Pyroderus
0%
Pyrope
0%
Pyrrhocorax
0%
Pyrrholaemus
0%
Pyrrhomyias
0%
Pyrrhoplectes
0%
Pyrrhura
0%
Pytilia
0%
Quechuavis
0%
Querula
0%
Radinopsyche
0%
Radjah
0%
Rallicula
0%
Rallina
0%
Ramosomyia
0%
Ramphocaenus
0%
Ramphocelus
0%
Ramphocinclus
0%
Ramphocoris
0%
Ramphodon
0%
Ramphomicron
0%
Ramphotrigon
0%
Ramsayornis
0%
Randia
0%
Raphus
0%
Rauenia
0%
Recurvirostra
0%
Reinwardtoena
0%
Remiz
0%
Rhabdornis
0%
Rhabdotorrhinus
0%
Rhagologus
0%
Rhamphococcyx
0%
Rhaphidura
0%
Rhegmatorhina
0%
Rheinardia
0%
Rhinocrypta
0%
Rhinoplax
0%
Rhinopomastus
0%
Rhinoptilus
0%
Rhinortha
0%
Rhipidura
0%
Rhizothera
0%
Rhodacanthis
0%
Rhodinocichla
0%
Rhodonessa
0%
Rhodopechys
0%
Rhodophoneus
0%
Rhodopis
0%
Rhodospingus
0%
Rhodospiza
0%
Rhodostethia
0%
Rhopias
0%
Rhopophilus
0%
Rhopornis
0%
Rhopospina
0%
Rhynchocyclus
0%
Rhynchophanes
0%
Rhynchopsitta
0%
Rhynchortyx
0%
Rhynchospiza
0%
Rhynchostruthus
0%
Rhynchotus
0%
Rhynochetos
0%
Rhyticeros
0%
Rhytipterna
0%
Riccordia
0%
Ridgwayia
0%
Rigidipenna
0%
Rissa
0%
Robsonius
0%
Rollandia
0%
Roraimia
0%
Rostratula
0%
Rougetius
0%
Rowettia
0%
Rubigula
0%
Rufirallus
0%
Rukia
0%
Rupicola
0%
Rupornis
0%
Rynchops
0%
Sakesphoroides
0%
Sakesphorus
0%
Salpornis
0%
Saltator
0%
Saltatricula
0%
Salvadorina
0%
Sapayoa
0%
Sappho
0%
Sarcophanops
0%
Sarcops
0%
Sarkidiornis
0%
Saroglossa
0%
Sarothrura
0%
Sasia
0%
Satrapa
0%
Saucerottia
0%
Saundersilarus
0%
Saxicola
0%
Scelorchilus
0%
Scenopoeetes
0%
Scepomycter
0%
Schetba
0%
Schiffornis
0%
Schistes
0%
Schistochlamys
0%
Schistolais
0%
Schoenicola
0%
Schoeniophylax
0%
Schoeniparus
0%
Schoutedenapus
0%
Sciaphylax
0%
Scissirostrum
0%
Sclateria
0%
Scleroptila
0%
Sclerurus
0%
Scotocerca
0%
Scotopelia
0%
Scytalopus
0%
Scythrops
0%
Selenidera
0%
Seleucidis
0%
Semioptera
0%
Sephanoides
0%
Sericornis
0%
Sericossypha
0%
Sericulus
0%
Serilophus
0%
Serpophaga
0%
Setopagis
0%
Setornis
0%
Sheppardia
0%
Sholicola
0%
Sicalis
0%
Sigelus
0%
Silvicultrix
0%
Siphonorhis
0%
Sipia
0%
Sipodotus
0%
Siptornis
0%
Sirystes
0%
Sittasomus
0%
Sittiparus
0%
Smicrornis
0%
Smithornis
0%
Smutsornis
0%
Snowornis
0%
Somateria
0%
Spartonoica
0%
Speculanas
0%
Speculipastor
0%
Spelaeornis
0%
Spermestes
0%
Spermophaga
0%
Sphecotheres
0%
Sphenoeacus
0%
Sphenopsis
0%
Spiloptila
0%
Spilornis
0%
Spindalis
0%
Spizaetus
0%
Spizelloides
0%
Spiziapteryx
0%
Spizocorys
0%
Spodiopsar
0%
Sporathraupis
0%
Sporophila
0%
Sporopipes
0%
Stachyris
0%
Stactolaema
0%
Stagonopleura
0%
Staphida
0%
Starnoenas
0%
Steatornis
0%
Stelgidillas
0%
Stenostira
0%
Stephanophorus
0%
Stephanoxis
0%
Sternoclyta
0%
Sterrhoptilus
0%
Stictonetta
0%
Stigmatura
0%
Stilpnia
0%
Stiphrornis
0%
Stipiturus
0%
Stizoptera
0%
Stizorhina
0%
Stomiopera
0%
Strepera
0%
Streptocitta
0%
Streptopelia
0%
Streptoprocne
0%
Stresemannia
0%
Struthidea
0%
Sturnella
0%
Sturnia
0%
Sturnornis
0%
Sublegatus
0%
Sugomel
0%
Suiriri
0%
Surniculus
0%
Suthora
0%
Swynnertonia
0%
Sylvietta
0%
Sylviorthorhynchus
0%
Sylviparus
0%
Syma
0%
Symposiachrus
0%
Synallaxis
0%
Syndactyla
0%
Synoicus
0%
Synthliboramphus
0%
Sypheotides
0%
Syrigma
0%
Syrmaticus
0%
Syrrhaptes
0%
Syrtidicola
0%
Systellura
0%
Taccocua
0%
Tachornis
0%
Tachuris
0%
Tachybaptus
0%
Tachyeres
0%
Tachymarptis
0%
Tachyphonus
0%
Tachyspiza
0%
Taenioptynx
0%
Taeniopygia
0%
Taeniotriccus
0%
Talaphorus
0%
Talegalla
0%
Tanygnathus
0%
Tanysiptera
0%
Taoniscus
0%
Tapera
0%
Taphrolesbia
0%
Taphrospilus
0%
Taraba
0%
Tarphonomus
0%
Tarsiger
0%
Tchagra
0%
Telacanthura
0%
Teledromas
0%
Telespiza
0%
Telophorus
0%
Temnurus
0%
Tephrodornis
0%
Tephrophilus
0%
Tephrozosterops
0%
Tepuiornis
0%
Terathopius
0%
Terenotriccus
0%
Terenura
0%
Teretistris
0%
Terpsiphone
0%
Tersina
0%
Tesia
0%
Tetraogallus
0%
Tetraophasis
0%
Tetrastes
0%
Tetrax
0%
Thalasseus
0%
Thalassoica
0%
Thalassornis
0%
Thalurania
0%
Thamnistes
0%
Thamnolaea
0%
Thamnomanes
0%
Thamnornis
0%
Thaumasius
0%
Thaumastura
0%
Thectocercus
0%
Theristicus
0%
Thescelocichla
0%
Thinocorus
0%
Thinornis
0%
Thlypopsis
0%
Threnetes
0%
Thripadectes
0%
Thripophaga
0%
Thryomanes
0%
Thryophilus
0%
Thryorchilus
0%
Tiaris
0%
Tichodroma
0%
Tickellia
0%
Tigriornis
0%
Tigrisoma
0%
Tilmatura
0%
Timalia
0%
Timeliopsis
0%
Tinamotis
0%
Tityra
0%
Tmetothylacus
0%
Todiramphus
0%
Todirostrum
0%
Todus
0%
Tolmomyias
0%
Topaza
0%
Torreornis
0%
Touit
0%
Toxorhamphus
0%
Trachylaemus
0%
Trachyphonus
0%
Tragopan
0%
Traversia
0%
Tribonyx
0%
Trichodere
0%
Tricholaema
0%
Tricholestes
0%
Trichothraupis
0%
Triclaria
0%
Trochalopteron
0%
Trochocercus
0%
Tropicoperdix
0%
Trugon
0%
Tunchiornis
0%
Turacoena
0%
Turdinus
0%
Turdoides
0%
Turnagra
0%
Tychaedon
0%
Tylas
0%
Tympanuchus
0%
Tyranneutes
0%
Tyranniscus
0%
Tyrannopsis
0%
Tyrannulus
0%
Upucerthia
0%
Upupa
0%
Uraeginthus
0%
Uranomitra
0%
Uratelornis
0%
Uria
0%
Urochroa
0%
Urocynchramus
0%
Urodynamis
0%
Uroglaux
0%
Urolais
0%
Urolestes
0%
Uromyias
0%
Uropelia
0%
Uropsalis
0%
Uropsila
0%
Urosphena
0%
Urosticte
0%
Urothraupis
0%
Urotriorchis
0%
Vanga
0%
Vauriella
0%
Veles
0%
Verreauxia
0%
Vidua
0%
Vini
0%
Viridonia
0%
Volatinia
0%
Vosea
0%
Wetmorethraupis
0%
Willisornis
0%
Xanthomixis
0%
Xanthopsar
0%
Xanthotis
0%
Xema
0%
Xenerpestes
0%
Xenicus
0%
Xenocopsychus
0%
Xenodacnis
0%
Xenoglaux
0%
Xenoligea
0%
Xenoperdix
0%
Xenopipo
0%
Xenopirostris
0%
Xenops
0%
Xenopsaris
0%
Xenornis
0%
Xenospingus
0%
Xenospiza
0%
Xenotriccus
0%
Xenus
0%
Xiphidiopicus
0%
Xiphocolaptes
0%
Xipholena
0%
Xiphorhynchus
0%
Xolmis
0%
Yuhina
0%
Yungipicus
0%
Zanclostomus
0%
Zanda
0%
Zapornia
0%
Zaratornis
0%
Zavattariornis
0%
Zebrilus
0%
Zeledonia
0%
Zentrygon
0%
Zimmerius
0%
Zonerodius
0%
Zonibyx
0%
Zoonavena
0%
Zoothera
0%
Zosterornis
0%
No matching quizzes found
Score Distribution
Percent of People with Each Score
Percentile by Number Answered
Your Score History
You have not taken this quiz